Introducción a la investigación de operaciones

Gardado en:
Detalles Bibliográficos
Autor Principal: Hillier, Frederick S (autor)
Outros autores: Lieberman, Gerald J (autor)
Formato: Libro
Idioma:Lingua castelá
Publicado: Cuernavaca, México: McGraw-Hill, 2010
Edición:Novena edición
Subjects:
Acceso en liña:Disponible Online
Tags: Engadir etiqueta
Sen Etiquetas, Sexa o primeiro en etiquetar este rexistro!

MARC

LEADER 00000cam a2200000 a 4500
001 UCE2355
003 CL-VaPUC
005 20230525151657.0
008 140626e20100000mx |||||||||||||||||spa|d
999 |c 355975  |d 355973 
020 |a 9786071503084 
040 |c Pontificia Universidad Católica de Valparaíso 
082 0 4 |a 658.403 HIL 2010  |2 21 
100 |a Hillier, Frederick S  |e autor  |9 574815 
245 1 0 |a Introducción a la investigación de operaciones 
250 |a Novena edición 
260 |a Cuernavaca, México:  |b McGraw-Hill,   |c 2010 
300 |a 978 páginas 
583 |a last modification  |c 20181213 01:59:06  |k Rodrigo Vera 
650 0 |a Toma de decisiones   |9 257530 
650 0 |a Programación lineal   |9 23 
650 0 |a Programación dinámica   |2 CL-VaPUC  |9 324757 
650 0 |a Método Simplex  |9 450538 
650 0 |a Teoría de juegos  |9 263826 
650 0 |a Cadenas de Markov  |2 CL-VaPUC  |9 350699 
700 0 |a Lieberman, Gerald J  |e autor  |9 574816 
852 |a BIBCUR 
856 |u http://bibliografiadigital.pucv.cl.pucv.idm.oclc.org/index.php/bibliotecapucv/catalog/book/206  |y Disponible Online  
942 |c BK  |2 ddc 
945 |d 20140626 14:24:00  |a dcastane 
952 |0 0  |1 0  |2 ddc  |3 erb  |4 0  |6 658_403000000000000_HIL_2010  |7 0  |8 A  |9 463027  |a BIBING  |b BIBING  |c RES  |i 508640K  |o 658.403 HIL 2010  |p 508640K  |r 2025-01-20  |w 2019-11-23  |y BK  |z Catalogado en:20140626  |k TRA 
952 |0 0  |1 0  |2 ddc  |3 erb  |4 0  |6 658_403000000000000_HIL_2010  |7 0  |8 A  |9 463028  |a BIBING  |b BIBING  |c RES  |i 5086418  |o 658.403 HIL 2010  |p 5086418  |r 2025-01-20  |w 2019-11-23  |y BK  |z Catalogado en:20140626  |k TRA 
952 |0 0  |1 0  |2 ddc  |3 erb  |4 0  |6 658_403000000000000_HIL_2010  |7 0  |8 A  |9 463029  |a BIBING  |b BIBING  |c RES  |i 5086426  |o 658.403 HIL 2010  |p 5086426  |r 2025-01-20  |w 2019-11-23  |y BK  |z Catalogado en:20140626  |k TRA 
952 |0 0  |1 0  |2 ddc  |3 erb  |4 0  |6 658_403000000000000_HIL_2010  |7 0  |8 A  |9 463030  |a BIBING  |b BIBING  |c RES  |i 5086434  |o 658.403 HIL 2010  |p 5086434  |r 2025-01-20  |w 2019-11-23  |y BK  |z Catalogado en:20140626  |k TRA 
952 |0 0  |1 0  |2 ddc  |3 erb  |4 0  |6 658_403000000000000_HIL_2010  |7 0  |8 A  |9 463031  |a BIBING  |b BIBING  |c RES  |i 5086442  |l 1  |o 658.403 HIL 2010  |p 5086442  |r 2025-01-20  |s 2022-04-14  |w 2019-11-23  |y BK  |z Catalogado en:20140626  |k TRA 
952 |0 0  |1 0  |2 ddc  |3 erb  |4 0  |6 658_403000000000000_HIL_2010  |7 0  |8 A  |9 463032  |a BIBING  |b BIBING  |c RES  |i 5114667  |l 4  |o 658.403 HIL 2010  |p 5114667  |r 2025-05-05  |s 2025-04-24  |w 2019-11-23  |y BK  |z Catalogado en:20140925  |k TRA 
952 |0 0  |1 0  |2 ddc  |3 erb  |4 0  |6 658_403000000000000_HIL_2010  |7 0  |8 A  |9 463033  |a BIBING  |b BIBING  |c RES  |i 5114675  |l 1  |o 658.403 HIL 2010  |p 5114675  |r 2025-01-20  |s 2022-03-08  |w 2019-11-23  |y BK  |z Catalogado en:20140925  |k TRA 
952 |0 0  |1 0  |2 ddc  |3 erb  |4 0  |6 658_403000000000000_HIL_2010  |7 0  |8 A  |9 463034  |a BIBING  |b BIBING  |c RES  |i 5114683  |l 3  |o 658.403 HIL 2010  |p 5114683  |r 2025-01-20  |s 2022-08-25  |w 2019-11-23  |y BK  |z Catalogado en:20140925  |k TRA 
952 |0 0  |1 0  |2 ddc  |3 erb  |4 0  |6 658_403000000000000_HIL_2010  |7 0  |8 A  |9 463035  |a BIBING  |b BIBING  |c RES  |i 5114691  |o 658.403 HIL 2010  |p 5114691  |r 2025-01-20  |w 2019-11-23  |y BK  |z Catalogado en:20140925  |k TRA 
952 |0 0  |1 0  |2 ddc  |3 erb  |4 0  |6 658_403000000000000_HIL_2010  |7 0  |8 A  |9 463036  |a BIBING  |b BIBING  |c RES  |i 5439124  |l 3  |o 658.403 HIL 2010  |p 5439124  |r 2025-01-20  |s 2022-05-18  |w 2019-11-23  |y BK  |z Catalogado en:20171201  |k CCI 
952 |0 0  |1 0  |2 ddc  |3 erb  |4 0  |6 658_403000000000000_HIL_2010  |7 0  |8 A  |9 463037  |a BIBING  |b BIBING  |c RES  |i 5439132  |l 1  |o 658.403 HIL 2010  |p 5439132  |r 2025-01-20  |s 2022-04-19  |w 2019-11-23  |y BK  |z Catalogado en:20171201  |k CCI 
952 |0 0  |1 0  |2 ddc  |3 erb  |4 0  |6 658_403000000000000_HIL_2010  |7 0  |8 A  |9 463038  |a BIBING  |b BIBING  |c RES  |i 5523540  |o 658.403 HIL 2010  |p 5523540  |r 2025-01-20  |w 2019-11-23  |y BK  |z Catalogado en:20181213  |k TRA 
952 |0 0  |1 0  |2 ddc  |4 0  |6 658_403000000000000_HIL_2010  |7 0  |8 A  |9 581585  |a BIBAGR  |b BIBAGR  |c GEN  |d 2022-03-02  |e 3  |g 45890.00  |i 5648408  |o 658.403 HIL 2010  |p 5648408  |r 2025-01-20  |t 13  |v 45890.00  |w 2022-03-02  |y BK  |k AGR